000 00647nam a2200277Ia 4500
005 20260324140020.0
008 008 260324s9999 xx 000 0 eng d
020 _a9781315501178
037 _aEBOOK
040 _aCRL
040 _beng
040 _cCRL
041 _2eng
041 _aeng
084 _qCRL
100 _aHarland Wm. Whitmore Jr
_91202805
245 0 _aGlobal Environmental Macroeconomics
260 _bTaylor and Francis
260 _c1999
365 _a
365 _b195
856 _uhttp://www.taylorfrancis.com/books/9781315501178
942 _cEBOOK
999 _c1804425
_d1804425